Geography Quiz

Random Geography or City Quiz

Top 50 Indian Cities by Population Quiz Stats

 Plays Quiz not verified by Sporcle

Challenge
Share
Tweet
Embed
Score 0/50 Timer 08:00
0 Plays Today
State or Union Territory City % Correct
MaharashtraMumbai
99.5%
DelhiDelhi
98.9%
West BengalKolkata
98.1%
Tamil NaduChennai
94.6%
KarnatakaBangalore
90.3%
TelanganaHyderabad
88.4%
MaharashtraPune
86.2%
GujaratAhmedabad
83.8%
RajasthanJaipur
82.7%
Uttar PradeshAgra
75.7%
Uttar PradeshLucknow
73.2%
Uttar PradeshKanpur
70.3%
MaharashtraNagpur
69.7%
GujaratSurat
69.2%
BiharPatna
63.8%
Madhya PradeshBhopal
63.5%
Madhya PradeshIndore
60.8%
Uttar PradeshVaranasi
54.9%
PunjabAmritsar
54.1%
Tamil NaduCoimbatore
53%
ChandigarhChandigarh
51.4%
Jammu and KashmirSrinagar
49.2%
RajasthanJodhpur
48.6%
Uttar PradeshAllahabad
47.8%
GujaratVadodara
46.8%
State or Union Territory City % Correct
Tamil NaduMadurai
43.8%
GujaratRajkot
43.8%
Andhra PradeshVisakhapatnam
42.4%
JharkhandRanchi
42.2%
ChhattisgarhRaipur
41.6%
PunjabLudhiana
40.5%
MaharashtraThane
38.6%
MaharashtraAurangabad
35.1%
Madhya PradeshGwalior
35.1%
MaharashtraNashik
34.6%
MaharashtraNavi Mumbai
33%
Uttar PradeshGhaziabad
32.2%
HaryanaFaridabad
32.2%
AssamGuwahati
31.9%
RajasthanKota
31.4%
Uttar PradeshMeerut
30.8%
Andhra PradeshVijayawada
29.7%
Madhya PradeshJabalpur
29.5%
KeralaThiruvananthapuram
28.9%
MaharashtraPimpri-Chinchwad
28.4%
MaharashtraSolapur
25.9%
JharkhandDhanbad
25.4%
West BengalHowrah
24.9%
MaharashtraKalyan-Dombivali
23.5%
MaharashtraVasai-Virar
21.1%

You're not logged in!

Compare scores with friends on all Sporcle quizzes.
OR
Log In

You Might Also Like...

Show Comments

Extras

Top Quizzes Today


Score Distribution

Your Account Isn't Verified!

In order to create a playlist on Sporcle, you need to verify the email address you used during registration. Go to your Sporcle Settings to finish the process.

Report this User

Report this user for behavior that violates our Community Guidelines.

Details: